<The> Most efficient czech SME sectors: an application of robust data envelopment analysis
Meranie ekonomickej efektívnosti českých malých a stredných podnikov použitím analýzy DEA (Data envelopment analysis). Výsledky analýzy ukazujú výrazný rozptyl v efektivite, väčšina podnikov sa nachádza pod hranicou efektívnosti a len menšina českých malých a stredných podnikov sa orientuje na produ...
Na minha lista:
| Autor principal: | |
|---|---|
| Formato: | Capítulo de Livro |
| Idioma: | inglês |
| Assuntos: | |
| Tags: |
Sem tags, seja o primeiro a adicionar uma tag!
|
MARC
| LEADER | 00000naa a2200000 4500 | ||
|---|---|---|---|
| 001 | 0149612 | ||
| 005 | 20231010120108.1 | ||
| 041 | 0 | |a eng | |
| 044 | |a CZ | ||
| 245 | 1 | 0 | |a <The> Most efficient czech SME sectors: an application of robust data envelopment analysis |c Jan Průša |
| 520 | |a Meranie ekonomickej efektívnosti českých malých a stredných podnikov použitím analýzy DEA (Data envelopment analysis). Výsledky analýzy ukazujú výrazný rozptyl v efektivite, väčšina podnikov sa nachádza pod hranicou efektívnosti a len menšina českých malých a stredných podnikov sa orientuje na produkciu s vyššou pridanou hodnotou. Definícia malých a stredných podnikov. | ||
| 610 | 2 | 0 | |a podnik malý |
| 610 | 2 | 0 | |a podnik stredný |
| 610 | 2 | 0 | |a produkcia |
| 610 | 2 | 0 | |a efektívnosť |
| 610 | 2 | 0 | |a analýza štruktúrna |
| 610 | 2 | 0 | |a priemysel spracovateľský |
| 610 | 2 | 0 | |a Česko |
| 100 | 1 | |a Průša, Jan | |